Detalles MARC
| 000 -LEADER |
| fixed length control field |
02620nam a22003017a 4500 |
| 003 - CONTROL NUMBER IDENTIFIER |
| control field |
OSt |
| 005 - DATE AND TIME OF LATEST TRANSACTION |
| control field |
20260424110458.0 |
| 008 - FIXED-LENGTH DATA ELEMENTS--GENERAL INFORMATION |
| fixed length control field |
260424b |||||||| |||| 00| 0 eng d |
| 020 ## - INTERNATIONAL STANDARD BOOK NUMBER |
| International Standard Book Number |
8448120639 |
| 037 ## - SOURCE OF ACQUISITION |
| Source of stock number/acquisition |
Donación |
| 040 ## - CATALOGING SOURCE |
| Original cataloging agency |
CO-JMCR |
| Language of cataloging |
spa |
| Transcribing agency |
CO-JMCR |
| Modifying agency |
CO-JMCR |
| Description conventions |
rda |
| 041 0# - LANGUAGE CODE |
| Language code of text/sound track or separate title |
spa |
| 082 04 - DEWEY DECIMAL CLASSIFICATION NUMBER |
| Classification number |
332.642 |
| Item number |
M36i |
| 100 1# - MAIN ENTRY--PERSONAL NAME |
| Personal name |
Martínez Abascal, Eduardo, |
| Relator term |
autor |
| 9 (RLIN) |
44629 |
| 245 10 - TITLE STATEMENT |
| Title |
Invertir en bolsa : |
| Remainder of title |
conceptos y estrategias / |
| Statement of responsibility, etc. |
Eduardo Martínez Abascal |
| 260 ## - PUBLICATION, DISTRIBUTION, ETC. |
| Place of publication, distribution, etc. |
Madrid : McGraw-Hill, |
| Date of publication, distribution, etc. |
1999. |
| 264 ## - PRODUCTION, PUBLICATION, DISTRIBUTION, MANUFACTURE, AND COPYRIGHT NOTICE |
| Place of production, publication, distribution, manufacture |
Madrid : |
| Name of producer, publisher, distributor, manufacturer |
McGraw-Hill, |
| Date of production, publication, distribution, manufacture, or copyright notice |
1999 |
| 300 ## - PHYSICAL DESCRIPTION |
| Extent |
396 páginas : |
| Other physical details |
Ilustraciones ; |
| Dimensions |
23 cm. |
| 490 0# - SERIES STATEMENT |
| Series statement |
McGraw-Hill de Management |
| 500 ## - GENERAL NOTE |
| General note |
Incluye biografía |
| 501 ## - WITH NOTE |
| With note |
Con : prólogo de Antonio J. Zoido |
| 504 ## - BIBLIOGRAPHY, ETC. NOTE |
| Bibliography, etc. note |
Bibliografía : páginas 375-379 |
| 505 2# - FORMATTED CONTENTS NOTE |
| Formatted contents note |
La bolsa: funcionamiento y magnitudes -- Fondos de inversión mobiliaria -- Productos especiales: derechos, dividibles y convertibles -- Futuros sobre renta variable -- Opciones sobre renta variable -- Rentabilidad, riesgo y optimización de carteras -- Rentabilidad simple y continua en acciones -- CAPM, modelo de mercado y multifactorial -- Efiencia del mercado bursátil -- Riesgo y rentabilidad en la bolsa: historia reciente -- Estrategias de gestión: visión general -- Criterios para la formación de carteras y asignación de activos -- Análisis fundamental: análisis macroeconómico -- Gestión internacional -- Evaluación de carteras |
| 520 3# - SUMMARY, ETC. |
| Summary, etc. |
Invertir en bolsa: conceptos y estrategias pretende dar una explicación sencilla y con orientación práctica sobre el mercado bursátil y el modo de gestionar una cartera de acciones. Después de desarrollar los diversos productos básicos para invertir en renta variable y los mercados en que se negocian, el autor introduce los conceptos de rentabilidad y riesgo y cómo medirlos, incluyendo además una visión histórica de rentabilidad de las principales bolsas mundiales. Posterioirmente se estudian los modelos de optimización, CAPM, APT y Teoría de la eficiencia. Por último se centra en las diversas estrategias de gestión de renta variable (tanto activas como pasivas, arbitraje y cobertura) y cómo llevarlas a cabo.<br/>Esta obra es de lectura recomendada para todo gestor de cartera de renta variable así como para el público en general, ya que la bolsa ha pasado a ocupar un papel fundamental no sólo en los píses desarrollados sino también en los países en vía de desarrollo. |
| 650 #7 - SUBJECT ADDED ENTRY--TOPICAL TERM |
| Topical term or geographic name entry element |
Bolsa de valores |
| Source of heading or term |
JMCR |
| General subdivision |
Inversión |
| 9 (RLIN) |
44630 |
| 650 #7 - SUBJECT ADDED ENTRY--TOPICAL TERM |
| Topical term or geographic name entry element |
Gestión y evaluación |
| Source of heading or term |
JMCR |
| General subdivision |
Inversión |
| 9 (RLIN) |
44631 |
| 942 ## - ADDED ENTRY ELEMENTS (KOHA) |
| Source of classification or shelving scheme |
Dewey Decimal Classification |
| Koha item type |
Books |